LEADER 01176nam--2200385---45-- 001 990000457080203316 005 20040305121253.0 010 $a1-57231-805-8 035 $a0045708 035 $aUSA010045708 035 $a(ALEPH)000045708USA01 035 $a0045708 100 $a20010521d2000----km-y0ITAy0103-------ba 101 0 $aENG 102 $aUS 200 1 $aMicrosoft Windows 2000 server operations guide$fMicrosoft Corporation 210 $aWashington$cMicrosoft Press$dcopyr. 2000 215 $aXXIX, 739 p.$cill.$d25 cm 410 $12001 610 1 $aSistema operativo Windows 610 1 $aProgramma Microsoft Windows 2000 676 $a005.44 702 1$aMicrosoft Corporation 801 0$aITA$bCBS$gISBD 912 $a990000457080203316 951 $a005.44 MIC$b0026399 CBS$c005.44$d00104829 959 $aBK 969 $aSCI 979 $aALANDI$b90$c20010521$lUSA01$h1125 979 $aALANDI$b90$c20010521$lUSA01$h1219 979 $c20020403$lUSA01$h1654 979 $aPAOLA$b90$c20040305$lUSA01$h1212 979 $aPATRY$b90$c20040406$lUSA01$h1632 996 $aMicrosoft Windows 2000 server operations guide$9889540 997 $aUNISA LEADER 03635oam 2200709I 450 001 9910784323103321 005 20200520144314.0 010 $a1-135-75958-8 010 $a1-135-75959-6 010 $a1-280-09542-3 010 $a0-203-00911-8 024 7 $a10.4324/9780203009116 035 $a(CKB)1000000000351313 035 $a(EBL)214565 035 $a(OCoLC)304076562 035 $a(SSID)ssj0000115110 035 $a(PQKBManifestationID)11129976 035 $a(PQKBTitleCode)TC0000115110 035 $a(PQKBWorkID)10010805 035 $a(PQKB)11589539 035 $a(MiAaPQ)EBC214565 035 $a(Au-PeEL)EBL214565 035 $a(CaPaEBR)ebr10161587 035 $a(CaONFJC)MIL9542 035 $a(OCoLC)57192538 035 $a(PPN)236117157 035 $a(EXLCZ)991000000000351313 100 $a20180331d2003 uy 0 101 0 $aeng 135 $aur|n|---||||| 181 $ctxt 182 $cc 183 $acr 200 04$aThe British world $ediaspora, culture, and identity /$feditors, Carl Bridge and Kent Fedorowich 210 1$aLondon ;$aPortland, Or. :$cF. Cass,$d2003. 215 $a1 online resource (245 p.) 300 $a"This group of studies first appeared as a special issue of The Journal of imperial and Commonwealth history (ISSN 0308-6534), Volume 31, no. 2, May 2003, published by Frank Cass"--T.p. verso. 311 $a0-7146-5472-8 311 $a0-7146-8377-9 320 $aIncludes bibliographical references and index. 327 $aBook Cover; Half-Title; Title; Copyright; Contents; Mapping the British World; NOTES; British Emigration to the Empire-Commonwealth since 1880: From Overseas Settlement to Diaspora?; I; II; III; IV; NOTES; A New Class of Women for the Colonies: The Imperial Colonistand the Construction of Empire; I; II; III; IV; NOTES; The Welsh World and the British Empire, c.1851?1939: An Exploration; I; II; III; IV; NOTES; Revisiting Anglicisation in the Nineteenth-Century Cape Colony; I; II; NOTES 327 $aThe Crown, Empire Loyalism and the Assimilation of Non-British White Subjects in the British World: An Argument against 'Ethnic Determinism'I; II; III; IV; NOTES; Britishness and Australia: Some Reflections; I; II; III; IV; NOTES; Hugh Wyndham, Transvaal Politics and the Attempt to Create an English Country Seat in South Africa, 1901?14; I; II; III; IV; NOTES; Casting Daylight upon Magic: Deconstructing the Royal Tour of 1901 to Canada; I; II; III; IV; NOTES; Communication and Integration: The British and Dominions Press and the British World, c.1876?19 330 $aThis collection of essays is based upon the assumption that the British Empire was held together not merely by ties of trade and defence, but by a shared sense of British identity that linked British communities around the globe. 606 $aGroup identity$zGreat Britain$xColonies$xHistory 606 $aNational characteristics, British 607 $aGreat Britain$xColonies$xHistory 607 $aGreat Britain$xColonies$xEmigration and immigration$xHistory 607 $aGreat Britain$xEmigration and immigration$xHistory 607 $aCommonwealth countries$xCivilization 607 $aGreat Britain$xCivilization 615 0$aGroup identity$xColonies$xHistory. 615 0$aNational characteristics, British. 676 $a909/.0971241 701 $aBridge$b Carl$01559554 701 $aFedorowich$b Kent$f1959-$01568576 801 0$bMiAaPQ 801 1$bMiAaPQ 801 2$bMiAaPQ 906 $aBOOK 912 $a9910784323103321 996 $aThe British world$93840793 997 $aUNINA